<?xml version="1.0" encoding="UTF-8"?>
<collection xmlns="http://www.loc.gov/MARC21/slim">
 <record>
  <leader>08574cam a2200709   4500</leader>
  <controlfield tag="001">847260658</controlfield>
  <controlfield tag="003">DE-627</controlfield>
  <controlfield tag="005">20230303175248.0</controlfield>
  <controlfield tag="007">tu</controlfield>
  <controlfield tag="008">160209s2015    fr |||||      00| ||fre c</controlfield>
  <datafield tag="020" ind1=" " ind2=" ">
   <subfield code="a">275354199X</subfield>
   <subfield code="c"> : br</subfield>
   <subfield code="9">2-7535-4199-X</subfield>
  </datafield>
  <datafield tag="020" ind1=" " ind2=" ">
   <subfield code="a">9782753541993</subfield>
   <subfield code="c"> : br</subfield>
   <subfield code="9">978-2-7535-4199-3</subfield>
  </datafield>
  <datafield tag="024" ind1="3" ind2=" ">
   <subfield code="a">9782753541993</subfield>
  </datafield>
  <datafield tag="035" ind1=" " ind2=" ">
   <subfield code="a">(DE-627)847260658</subfield>
  </datafield>
  <datafield tag="035" ind1=" " ind2=" ">
   <subfield code="a">(DE-576)9847260656</subfield>
  </datafield>
  <datafield tag="035" ind1=" " ind2=" ">
   <subfield code="a">(DE-599)GBV847260658</subfield>
  </datafield>
  <datafield tag="035" ind1=" " ind2=" ">
   <subfield code="a">(OCoLC)936140801</subfield>
  </datafield>
  <datafield tag="040" ind1=" " ind2=" ">
   <subfield code="a">DE-627</subfield>
   <subfield code="b">ger</subfield>
   <subfield code="c">DE-627</subfield>
   <subfield code="e">rda</subfield>
  </datafield>
  <datafield tag="041" ind1=" " ind2=" ">
   <subfield code="a">fre</subfield>
  </datafield>
  <datafield tag="044" ind1=" " ind2=" ">
   <subfield code="c">XA-FR</subfield>
  </datafield>
  <datafield tag="050" ind1=" " ind2="0">
   <subfield code="a">Z716.4</subfield>
  </datafield>
  <datafield tag="084" ind1=" " ind2=" ">
   <subfield code="a">06.25</subfield>
   <subfield code="2">bkl</subfield>
  </datafield>
  <datafield tag="084" ind1=" " ind2=" ">
   <subfield code="a">05.33</subfield>
   <subfield code="2">bkl</subfield>
  </datafield>
  <datafield tag="245" ind1="1" ind2="3">
   <subfield code="a">L' imprimé dans la construction de la vie politique</subfield>
   <subfield code="b">Brésil, Europe et Amériques, (XVIIIe-XXe siècle)</subfield>
   <subfield code="c">sous la direction d'Eliana de Freitas Dutra et Jean-Yves Mollier</subfield>
  </datafield>
  <datafield tag="264" ind1=" " ind2="1">
   <subfield code="a">Rennes</subfield>
   <subfield code="b">Presses universitaires de Rennes</subfield>
   <subfield code="c">[2015]</subfield>
  </datafield>
  <datafield tag="300" ind1=" " ind2=" ">
   <subfield code="a">500 Seiten</subfield>
   <subfield code="b">Illustrationen</subfield>
   <subfield code="c">24 cm</subfield>
  </datafield>
  <datafield tag="336" ind1=" " ind2=" ">
   <subfield code="a">Text</subfield>
   <subfield code="b">txt</subfield>
   <subfield code="2">rdacontent</subfield>
  </datafield>
  <datafield tag="337" ind1=" " ind2=" ">
   <subfield code="a">ohne Hilfsmittel zu benutzen</subfield>
   <subfield code="b">n</subfield>
   <subfield code="2">rdamedia</subfield>
  </datafield>
  <datafield tag="338" ind1=" " ind2=" ">
   <subfield code="a">Band</subfield>
   <subfield code="b">nc</subfield>
   <subfield code="2">rdacarrier</subfield>
  </datafield>
  <datafield tag="490" ind1="0" ind2=" ">
   <subfield code="a">Des Amériques</subfield>
  </datafield>
  <datafield tag="500" ind1=" " ind2=" ">
   <subfield code="a">Includes bibliographical references</subfield>
  </datafield>
  <datafield tag="505" ind1="8" ind2="0">
   <subfield code="a">pt. 1. La politique dans les bibliothèques -- A propos du long voyage de la bibliothèque des rois -- Sédition, hérésie et rébellion sous les tropiques : la bibliothèque du naturaliste José Vieira Couto -- De l'écrit imprimé aux imprimés de bibliothèque : une analyse du parcours de lecture de Francisco José de Oliveira Vianna -- pt. 2. Répression et censure dans le monde des imprimés -- Censure littéraire et circulation des imprimés entre le Portugal et le Brésil (1769-1821) -- Le diable dans les bibliothèques communistes : répression et censure dans le Brésil des années 1930 -- La place de l'imprimé révolutionnaire : des caves aux archives policières -- pt. 3. Images croisées : l'altérité dans l'écriture et dans les répertoires littéraires -- La culture du livre en Hongrie et en Europe centrale à l'Epoque moderne (XIVe-XIXe siècle) -- Lecteurs-acteurs mexicains, lectures étrangères : influences sur la formation d'une culture nationale -- Ecrire et penser sur le Nouveau Monde : écrire et penser dans le Nouveau Monde -- pt. 4. Combats politiques et projets révolutionnaires : les imprimés comme arme -- La conscience possible de l'Amérique latine dans les éditions populaires -- Les Rousseau de la Révolution française -- pt. 5. Projets éditoriaux et pédagogies de la nationalité -- La nation dans les livres : la bibliothèque idéale dans la collection &quot;Brasiliana&quot; -- Revista do Brasil (1938-1943), un projet alternatif? -- Le projet politico-culturel de la collection &quot;Atualidades Pedagógicas&quot; -- pt. 6. Lecture et édition d'images : &quot;de soi&quot; et &quot;de l'autre&quot; -- Le Brésil dans la production des images imprimées au XIXe siècle : le paysage comme symbole de la nation -- Atlas historiques : on y écrit aussi les mémoires nationales -- Lecture et impression des images au XIXe siècle à Mexico : ressources de la mémoire pour la construction de l'identité nationale -- pt. 7. Idées en circulation : les périodiques entre l'Europe et les Amériques -- Correio Braziliense (1808-1822) : la presse brésilienne est née anglaise et libérale -- La Revista Americana (1909-1919) et les relations entre les Amériques -- pt. 8. Livres, lecteurs et auteurs : essais d'inclusion ; modèles d'inspiration et professionnalisation -- Sinclair des îles ou les exilés de l'île de Barra : une traduction du français &quot;en langue vernaculaire&quot;, publiée à Rio de Janeiro en 1825 par Silva Porto, un libraire libéral -- Lectures (im)possibles : lecteurs noirs et métis dans l'Amérique portugaise -- Politique et édition : les natifs du Brésil dans les ateliers réformistes d'Arco do Cego -- pt. 9. Éducation pour le futur : éditions et lectures pour la jeunesse -- Coulisses des maisons d'édition de littérature pour enfants au Brésil entre 1920 et 1960 : l'action de Lourenço Filho auprès de la Companhia Melhoramentos -- La formation de l'enfant brésilien et la &quot;plus terrible des instabilités&quot; : un livre de lecture lusitanien du d siècle -- La transmission du savoir, l'éducation et l'édition de livres scolaires -- pt. 10. Des éditions dans le sillage de l'Ancien Régime et des empires coloniaux -- De l'Almanach Royal à l'Almanach du Québec : représentations du pouvoir, mises en scène de l'État, émergences de la Nation.</subfield>
  </datafield>
  <datafield tag="505" ind1="8" ind2="0">
   <subfield code="a">Images de Napoléon Bonaparte dans l'optique des imprimés luso-brésiliens -- Projets politiques et nations imaginées dans la presse de la Cour (1831-1837).</subfield>
  </datafield>
  <datafield tag="520" ind1=" " ind2=" ">
   <subfield code="a">&quot;Du XVIe au XXe siècle, l'imprimé a été le vecteur de la plupart des luttes politiques et il a participé très activement à la naissance de nombreuses nations. Dans ce volume qui réunit une trentaine de contributions, l'Amérique latine y détient la part du lion, le Brésil en premier lieu ainsi que le Mexique. Les États-Unis, le Canada, l'Europe ne sont pas oubliés et permettent d'utiles comparaisons entre les métropoles et les colonies, compte tenu de l'intense circulation des imprimés entre les deux continents pendant toute la période retenue. Outre le champ géographique et la diversité des États qui font l'objet de chapitres, ce qui retient dans ces études, c'est l'importance du livre, de la brochure, du journal, du tract, de la caricature dans la transmission des messages politiques. De la vieille Europe au Nouveau Monde, la censure, d'essence religieuse ou étatique, a tenté de limiter les échanges entre les hommes ou de les contrôler, sans jamais parvenir à ses fins. De l'Inquisition aux dictatures anticommunistes du me siècle, les méthodes n'ont guère varié, livrant à la curiosité des historiens et des sociologues des matériaux qui témoignent de ces volontés d'imposer un modèle de pensée unique ou totalitaire. Les livres, les bibliothèques, privées ou publiques, forment un observatoire privilégié pour retrouver des traces du passé et percevoir des fragments des lectures d'autrefois qui, à leur tour, disent quelque chose des lecteurs qui en tournèrent les pages. Centrées sur la construction de la vie politique, son autonomisation aussi, ces recherches abordent aussi bien le papier monnaie que la chanson, le livre rare que le papier destiné à finir sur l'étal du boucher, offrant ainsi de multiples matériaux à la curiosité du lecteur d'aujourd'hui.&quot;--Page 4 of cover</subfield>
  </datafield>
  <datafield tag="650" ind1=" " ind2="0">
   <subfield code="a">Libraries and publishing</subfield>
   <subfield code="x">Political aspects</subfield>
  </datafield>
  <datafield tag="650" ind1=" " ind2="4">
   <subfield code="a">Libraries and publishing</subfield>
   <subfield code="x">Political aspects</subfield>
  </datafield>
  <datafield tag="655" ind1=" " ind2="7">
   <subfield code="a">Aufsatzsammlung</subfield>
   <subfield code="0">(DE-588)4143413-4</subfield>
   <subfield code="0">(DE-627)105605727</subfield>
   <subfield code="0">(DE-576)209726091</subfield>
   <subfield code="2">gnd-content</subfield>
  </datafield>
  <datafield tag="689" ind1="0" ind2="0">
   <subfield code="d">s</subfield>
   <subfield code="0">(DE-588)4013134-8</subfield>
   <subfield code="0">(DE-627)104665548</subfield>
   <subfield code="0">(DE-576)208901906</subfield>
   <subfield code="a">Druckwerk</subfield>
   <subfield code="2">gnd</subfield>
  </datafield>
  <datafield tag="689" ind1="0" ind2="1">
   <subfield code="d">s</subfield>
   <subfield code="0">(DE-588)4046514-7</subfield>
   <subfield code="0">(DE-627)104152206</subfield>
   <subfield code="0">(DE-576)209069945</subfield>
   <subfield code="a">Politik</subfield>
   <subfield code="2">gnd</subfield>
  </datafield>
  <datafield tag="689" ind1="0" ind2="2">
   <subfield code="d">s</subfield>
   <subfield code="0">(DE-588)4067601-8</subfield>
   <subfield code="0">(DE-627)104649526</subfield>
   <subfield code="0">(DE-576)209170409</subfield>
   <subfield code="a">Zensur</subfield>
   <subfield code="2">gnd</subfield>
  </datafield>
  <datafield tag="689" ind1="0" ind2="3">
   <subfield code="d">s</subfield>
   <subfield code="0">(DE-588)4043152-6</subfield>
   <subfield code="0">(DE-627)104826274</subfield>
   <subfield code="0">(DE-576)209054492</subfield>
   <subfield code="a">Öffentliche Meinung</subfield>
   <subfield code="2">gnd</subfield>
  </datafield>
  <datafield tag="689" ind1="0" ind2="4">
   <subfield code="d">s</subfield>
   <subfield code="0">(DE-588)4075230-6</subfield>
   <subfield code="0">(DE-627)104306335</subfield>
   <subfield code="0">(DE-576)209197005</subfield>
   <subfield code="a">Nationenbildung</subfield>
   <subfield code="2">gnd</subfield>
  </datafield>
  <datafield tag="689" ind1="0" ind2="5">
   <subfield code="a">z</subfield>
   <subfield code="2">gnd</subfield>
   <subfield code="a">Geschichte</subfield>
  </datafield>
  <datafield tag="689" ind1="0" ind2=" ">
   <subfield code="5">(DE-627)</subfield>
  </datafield>
  <datafield tag="700" ind1="1" ind2=" ">
   <subfield code="a">Dutra, Eliana de Freitas</subfield>
   <subfield code="e">HerausgeberIn</subfield>
   <subfield code="0">(DE-588)1046690477</subfield>
   <subfield code="0">(DE-627)776937820</subfield>
   <subfield code="0">(DE-576)400040379</subfield>
   <subfield code="4">edt</subfield>
  </datafield>
  <datafield tag="700" ind1="1" ind2=" ">
   <subfield code="a">Mollier, Jean-Yves</subfield>
   <subfield code="d">1947-</subfield>
   <subfield code="e">HerausgeberIn</subfield>
   <subfield code="0">(DE-588)132859432</subfield>
   <subfield code="0">(DE-627)587233966</subfield>
   <subfield code="0">(DE-576)162272146</subfield>
   <subfield code="4">edt</subfield>
  </datafield>
  <datafield tag="787" ind1="0" ind2="8">
   <subfield code="i">Rezensiert in</subfield>
   <subfield code="a">Dauphin, Jean-Christophe</subfield>
   <subfield code="t">[Rezension von: Eliana de Freitas Dutra (Hrsg.), L'imprimé dans la construction de la vie politique. Brésil, Europe, Amériques, XVIIIe-XXe siècle]</subfield>
   <subfield code="d">2017</subfield>
   <subfield code="w">(DE-627)1812007566</subfield>
  </datafield>
  <datafield tag="856" ind1="4" ind2="2">
   <subfield code="u">http://www.gbv.de/dms/spk/iai/cov/847260658.jpg</subfield>
   <subfield code="m">V:DE-601</subfield>
   <subfield code="m">B:DE-204</subfield>
   <subfield code="v">2016-04-25</subfield>
   <subfield code="x">Verlag</subfield>
   <subfield code="3">Cover</subfield>
  </datafield>
  <datafield tag="856" ind1="4" ind2="2">
   <subfield code="u">http://www.gbv.de/dms/spk/iai/toc/847260658.pdf</subfield>
   <subfield code="m">V:DE-601</subfield>
   <subfield code="m">B:DE-204</subfield>
   <subfield code="q">pdf/application</subfield>
   <subfield code="v">2016-04-28</subfield>
   <subfield code="x">Verlag</subfield>
   <subfield code="y">Inhaltsverzeichnis</subfield>
   <subfield code="3">Inhaltsverzeichnis</subfield>
  </datafield>
  <datafield tag="889" ind1=" " ind2=" ">
   <subfield code="w">(DE-627)874344980</subfield>
  </datafield>
  <datafield tag="935" ind1=" " ind2=" ">
   <subfield code="i">mdedup</subfield>
  </datafield>
  <datafield tag="936" ind1="b" ind2="k">
   <subfield code="a">06.25</subfield>
   <subfield code="j">Buchhandel</subfield>
   <subfield code="0">(DE-627)106415204</subfield>
  </datafield>
  <datafield tag="936" ind1="b" ind2="k">
   <subfield code="a">05.33</subfield>
   <subfield code="j">Pressewesen</subfield>
   <subfield code="0">(DE-627)10641514X</subfield>
  </datafield>
  <datafield tag="951" ind1=" " ind2=" ">
   <subfield code="a">BO</subfield>
  </datafield>
  <datafield tag="990" ind1=" " ind2=" ">
   <subfield code="a">Druckwerk</subfield>
  </datafield>
  <datafield tag="990" ind1=" " ind2=" ">
   <subfield code="a">Politik</subfield>
  </datafield>
  <datafield tag="990" ind1=" " ind2=" ">
   <subfield code="a">Zensur</subfield>
  </datafield>
  <datafield tag="990" ind1=" " ind2=" ">
   <subfield code="a">Öffentliche Meinung</subfield>
  </datafield>
  <datafield tag="990" ind1=" " ind2=" ">
   <subfield code="a">Nationenbildung</subfield>
  </datafield>
  <datafield tag="990" ind1=" " ind2=" ">
   <subfield code="a">Geschichte</subfield>
  </datafield>
  <datafield tag="991" ind1=" " ind2=" ">
   <subfield code="a">Rezensiertes Werk</subfield>
  </datafield>
  <datafield tag="999" ind1=" " ind2=" ">
   <subfield code="a">KXP-PPN847260658</subfield>
   <subfield code="e">4175008187</subfield>
  </datafield>
 </record>
</collection>
